000 00714nam a2200217Ia 4500
003 OSt
005 20220923230652.0
006 a|||||r|||| 00| 0
007 ta
008 Pun
024 _a304,621
037 _cTextual
040 _aARTS
_cARTS
_bPun
041 _2Pun
_aPun
082 _aX61, 153K5
100 _aਡਿੱਲਰਡ, ਡਡਲੇ; ਢਿੱਲੋ੍ਵ, ਹਰਦਿੱਤ ਸਿੰਘ, ੳਗ.
_9169113
245 0 _aਜੌਨ ਮੇਨਾਰਡ ਕੇਨਗ਼ ਦਾ ਅਰਥFਾਸਤ੍ਰ
260 _c1965
942 _hX61, 153K5
_cTEXL
_2CC
999 _c386430
_d386430